LEADER 00767nam a2200217 i 4500 001 000000223564 003 CaOOAMICUS 005 20131016000000.0 008 131016s1792 it u000 u fre u 013 $a202461 026 $aV.DE ntu- n.es debi (3) 1792 (A) 040 $aSeMil$bita 245 10$aTome 21. 300 $a[4], 454, [2] p. 500 $aContiene : Precis du siecle de Louis XV. 773 0 $aVoltaire <1694-1778>$tOeuvres completes de m. de Voltaire. Tome 1. [-100.].$dA Lyon : Chez J. B. Delamollière, 1791-1792.$g21$w()28886 850 $aSeMil 852 $aSeMil$W1$xVenegono$y1$m2Q I 101 FA$j173910$B173910$CSeMilBibl$Z2$F184203 $8I 941 1 $a10 961 $aRecupero: Mantegazza 996 $6245$aTome 21$9(OLS)http://semarc/title/320550 LEADER 01162nam a2200289 i 4500 001 000000233827 003 CaOOAMICUS 005 20240403122900.0 008 140926s1963 it u000 u ita u 013 $a212730 040 $aSeMil$bita 100 1 $aArnheim, Rudolf,$d<1904-2007>.$0(OLS)http://semarc/name/42753 240 10$aFilm as art.$0(OLS)http://semarc/title/333749 245 10$aFilm come arte /$cRudolf Arnheim ; Prefazione di Guido Aristarco ; Traduzione di Paolo Gobetti. 250 $a2. ed. 260 $aMilano :$bIl Saggiatore,$c1963. 300 $a350 p. :$bill. ;$c21 cm. 490 0 $aLa cultura ;$v23 650 4$aCinema - Tecnica.$0(OLS)http://semarc/subject/55383 700 1 $aGobetti, Paolo.$0(OLS)http://semarc/name/78037 700 1 $aAristarco, Guido.$0(OLS)http://semarc/name/50629 830 3$aLa cultura ;$v23.$0(OLS)http://semarc/title/6877 850 $aSeMil 852 $aSeMil$W1$xVenegono$y1$m3M II 86$j184173$B184173$CSeMilBibl$Z2$F195022 $81 996 $6245$aFilm come arte$9(OLS)http://semarc/title/333748 996 $6260$aMilano :$bIl Saggiatore$9(OLS)http://semarc/publisher/30255